000 00340nam a22001457a 4500
003 OSt
008 250505b |||||||| |||| 00| 0 eng d
100 _aARYA,Pandit Nareshdatt
245 _aNaresh Bajan Sangrah
250 _a15th
260 _aNew Delhi
_bArya Publication
_c2015
300 _a166
650 _aGeneral
942 _2ddc
_cBK
999 _c13528
_d13528